00749 2200289 4500001002100000005001500021035002000036007000300056040001700059100002100076245004100097250001200138300002400150504002900174020001800203041000800221082001200229084001800241090002200259264003900281336002100320337003000341338002300371650001400394850001000408008004100418INLIS00000000000777420260529041611 a0010-0922000263ta aSBPUPADbind0 aSalimePengarang1 aDasar-Dasar Hukum Kehutanan /cSalim a.-Cet.3 bilus. ;c20 x 14 cm aBibliografi, hlm 281-283 a979-8767-91-807aind a632.902 a632.902 SAL d a631.5 KUN h T15-4 a.--Jakarta :bSinar Grafika,c2006 2rdacontentateks 2rdamediaatanpa perantara 2rdacarrieravolume 4aKehutanan aPUPAD260529 0